000 00640nam a2200205 a 4500
001 BRCA_3822
005 20190320204434.0
008 291109s1868----gw-a######---#000-0#fre-#
041 _afre
044 _agw
050 4 _aF1233
_b.B37 1868
100 1 _aBasch, Samuel Siegfried Karl, ritter von
_d1837-1905.
_99954
245 1 0 _aErinnerungen aus Mexico
_bGeschichte der letzten zehn Monate des Kaiserreichs
_cvon S. Basch.
260 _aLeipzig, Alemania
_bDuncker & Humblot
_c1868
300 _a2 v.
_c19 cm.
500 _aB177
651 4 _aMéxico
_vHistoria
_xIntervención francesa
_y1861-1867.
_99955
902 _aGFM
942 _2lcc
_cB
999 _c3551
_d3551